000 007990000a22002650004500
003 LK-CoMWRAF
005 20231102161031.0
008 230817t2000 ||||| |||| 00| 0 eng d
020 _a1856497410
040 _aLK-CoMWRAF
_dLK-CoMWRAF
_eLK-CoMWRAF
041 _aeng
082 _a331.4
_bWIC
100 _aWichterich, Chrita
242 _aGlobalisierte Frau
245 _aThe Globalized Woman:
_bReports From a Future of Inequality
260 _aLondon:
_bZed Books,
_c2000
300 _ax, 180 p. ; 23 cm.
_bBibliography and index included
650 _aWOMEN-Employment
650 _aUnemployed women workers. .
650 _aLabor market.
650 _aCompetition, International
650 _aInternational division of labor.
700 _a Camiller, Patrick
_etrans.
942 _cBK
999 _c315
_d315